000 00592nam a2200181 a 4500
001 000384385
003 AM-YeHGA
005 20250617132153.0
008 041118s1932 ai 000 | arm d
040 _aAM-YeHGA
041 0 _aarm
245 1 0 _aԲրիգադիրիկը /
_cԱ. Շայբոն ; Նկ.՝ Տ. Խաչվանքյան.
260 _aՅերևան :
_bՊետհրատ,
_c1932.
300 _a[20] էջ :
_bգուն. նկ. ;
_c20 սմ.
650 1 4 _aՀայ մանկական գրականություն
_xՊոեզիա
700 1 _aԽաչվանքյան, Տ.
_eնկ.
_4art
090 _c147852
999 _c146465
_d146465